000 00509nam a22001577a 4500
003 OSt
005 20260428093111.0
008 260428b |||||||| |||| 00| 0 eng d
040 _aDWCL GS lib
_cOC
082 _aFic. D994 2010
100 _aRiley Publishing
245 _aripley's rbi fact or fiction? bureau of investigation:
_brunning wild
_cRiley Publishing
300 _a125
_billustrations
700 _aRiley Publishing
942 _2ddc
_cFIC.
_hFic. D994 2010
_n0
999 _c10045
_d10045